Gaming Quiz

Random Gaming or Board Games Quiz

Gaming Anagrams II Quiz Stats

 Plays Quiz Updated Feb 25, 2018

Also try: Gaming Anagrams
Challenge
Share
Tweet
Embed
Score 0/30 Timer 06:00
6 Plays Today
Mixed Word Answer % Correct
Popular card gamesWAR
98.8%
Popular card gamesRUMMY
91.6%
Classic arcade gamesPONG
88%
First-person shootersDOOM
88%
Terms used in MonopolyFREE PARKING
74.5%
Popular card gamesHEARTS
66.5%
Popular card gamesCRAZY EIGHTS
62.9%
Classic arcade gamesSPACE INVADERS
56.2%
The Elder Scrolls gamesARENA
56%
Terms used in MonopolyCHANCE
55.5%
Popular card gamesCRIBBAGE
51.3%
The Elder Scrolls gamesSKYRIM
51.1%
Terms used in MonopolyUTILITY
46.2%
Classic arcade gamesMISSILE COMMAND
44.5%
Classic arcade gamesGALAXIAN
44.4%
Mixed Word Answer % Correct
First-person shootersCOUNTER-STRIKE
44.1%
The Elder Scrolls gamesOBLIVION
42.1%
First-person shootersTEAM FORTRESS
41.8%
Flying-type Pokémon (Gen. I)ZAPDOS
37.6%
Flying-type Pokémon (Gen. I)DODRIO
37%
First-person shootersMETROID PRIME
33.8%
Flying-type Pokémon (Gen. I)CHARIZARD
33%
The Elder Scrolls gamesMORROWIND
31.5%
Terms used in MonopolyMORTGAGE
29.8%
Flying-type Pokémon (Gen. I)PIDGEOTTO
26.7%
Classic arcade gamesASTEROIDS
25.9%
First-person shootersBATTLEFIELD
23.3%
Flying-type Pokémon (Gen. I)AERODACTYL
18.7%
Terms used in MonopolyBANKRUPTCY
18.4%
The Elder Scrolls gamesDAGGERFALL
13.6%

You're not logged in!

Compare scores with friends on all Sporcle quizzes.
Join for Free
OR
Log In

You Might Also Like...

Show Comments

Extras

Top Quizzes Today


Score Distribution

Your Account Isn't Verified!

In order to create a playlist on Sporcle, you need to verify the email address you used during registration. Go to your Sporcle Settings to finish the process.

Report this User

Report this user for behavior that violates our Community Guidelines.

Details: